00353 2200145 4500245003100000020002200031250001000053100001700063005001900080260004200099041001400141084001100155300003200166336000900198 aMalalacIndra IntisahText a978-623-346-793-3 aCet.1 aIndra Intisa a20241014121903 aJakartabKompas Media Nusantarac2023 aIndonesia a155.25 aviii+ 74 (112 hlm), 19 cm : atext